Представление документа в формате MARC21

ПолеНазваниеЗначение
  Тип записи a
  Библиографический уровень m
001 Контрольный номер RU/URAIT/565747
005 Дата корректировки 20260429163614.5
008 Кодируемые данные 260429s2025 RU y f j 000 0 rus u
020 Индекс ISBN __
a ISBN 978-5-534-15768-0
c Цена, тираж 1819.00
040 Источник каталогиз. __
a Служба первич. каталог. ИКО Юрайт
c Служба, преобразующая запись ИКО Юрайт
e Правила каталог. RCR
041 Код языка издания __
a Код языка текста rus
044 Код страны публикации __
a Код страны публикации RU
080 Индекс УДК __
a Индекс УДК 347.78(075.8)
084 Индекс другой классификации/Индекс ББК __
2 Источник индекса rubbk
a Индекс другой классификации/Индекс ББК 67.404.3я73
100 Автор __
a Автор Щербак Н. В.
q Полное имя Щербак Наталия Валериевна
245 Заглавие __
a Заглавие Право интеллектуальной собственности: общее учение. Авторское право и смежные права
b Продолж. заглавия учебник для вузов
c Ответственность Н. В. Щербак.
250 Сведения об издании __
g пер. и доп
a Основные сведения об издании 2-е изд.
256 Характеристики компьютерного файла __
a Характеристики компьютерного файла Электрон. дан.
260 Выходные данные __
a Место издания Москва
b Издательство Юрайт
c Дата издания 2025
300 Физическое описание __
a Объем 342 с
440 Серия __
a Серия Высшее образование
500 Примечания __
a Примечание URL: https://urait.ru/bcode/565747 (дата обращения: 29.04.2026).
520 Аннотация __
a Аннотация В учебном курсе освещаются вопросы развития законодательства об интеллектуальных правах, гражданско-правовой режим результатов интеллектуальной деятельности, исследуются важнейшие проблемы гражданско-правовой защиты интеллектуальных прав, оборота исключительных прав, рассматриваются различные виды договоров в сфере интеллектуальной деятельности, проводится различие договоров по приобретению и распоряжению исключительными правами. Большое внимание уделяется актуальным проблемам авторского права и смежных прав, в том числе исследуются пределы авторского права, критерии охраноспособности объектов авторских прав, вопросы свободного использования произведений, а также гражданско-правовые и иные способы защиты авторских и смежных прав. В издании учтены изменения действующего законодательства Российской Федерации по состоянию на 30 июля 2022 г. Соответствует актуальным требованиям федерального государственного образовательного стандарта высшего образования. Для студентов высших учебных заведений юридического профиля, обучающихся по программам бакалавриата и магистратуры, аспирантов, преподавателей, практических работников, а также всех интересующихся проблемами права интеллектуальной собственности.
538 Прим. о системных особенностях __
a Прим. о системных особенностях Режим доступа: Электронно-библиотечная система Юрайт, для авториз. пользователей
653 Ключевые слова __
a Ключевые слова Авторское право. Интеллектуальная собственность
653 Ключевые слова __
a Ключевые слова Юридические науки
653 Ключевые слова __
a Ключевые слова Авторское право
653 Ключевые слова __
a Ключевые слова Право интеллектуальной собственности
653 Ключевые слова __
a Ключевые слова Защита интеллектуальных прав: материально-правовой и процессуально-правовой аспекты
653 Ключевые слова __
a Ключевые слова Информационное право и право интеллектуальной собственности
653 Ключевые слова __
a Ключевые слова Правовое регулирование объектов авторского права и смежных прав
653 Ключевые слова __
a Ключевые слова Товарные знаки и знаки обслуживания
653 Ключевые слова __
a Ключевые слова Авторское право и смежные права
653 Ключевые слова __
a Ключевые слова Договорные конструкции права интеллектуальной собственности
856 Электронный адрес документа 40
n Местонахождение сервера Юрайт
g Электронная книга
q Тип электронного формата html
h Имя пользователя ЮРАЙТ
v Часы доступа к ресурсу 20271231
2 Способ доступа Показать документ
x Служебное примечание https://urait.ru/book/cover/3A1A7D56-C07A-4809-8381-FE3548B61A2C
u URL https://urait.ru/bcode/565747
856 Электронный адрес документа 48
q Тип электронного формата cover
u URL https://urait.ru/book/cover/3A1A7D56-C07A-4809-8381-FE3548B61A2C
911 __
u 0030=https://urait.ru/bcode/565747
911 __
u 073a=9785534157680
u 073d=1819.00
911 __
u 106a=s
911 __
u 900l=
952 Тип литературы __
i Дисциплина Авторское право
952 Тип литературы __
i Дисциплина Право интеллектуальной собственности
952 Тип литературы __
i Дисциплина Защита интеллектуальных прав: материально-правовой и процессуально-правовой аспекты
952 Тип литературы __
i Дисциплина Информационное право и право интеллектуальной собственности
952 Тип литературы __
i Дисциплина Правовое регулирование объектов авторского права и смежных прав
952 Тип литературы __
i Дисциплина Товарные знаки и знаки обслуживания
952 Тип литературы __
i Дисциплина Авторское право и смежные права
952 Тип литературы __
i Дисциплина Договорные конструкции права интеллектуальной собственности